Manchester United Number 7's - Statistics

General Stats
  • This quiz has been taken 792 times
    465 since last reset
  • The average score is 10 of 13
Answer Stats
Season Nationality Answer % Correct
03/04 - 08/09 Portugal Cristiano Ronaldo
99%
21/22 Portugal Cristiano Ronaldo
99%
17/18 - 19/20 Chile Alexis Sanchez
88%
20/21 - 21/22 Uruguay Edinson Cavani
87%
14/15 Argentina Angel Di Maria
85%
12/13 - 13/14 Ecuador Antonio Valencia
84%
95/96 - 02/03 England David Beckham
84%
92/93 - 96/97 France Eric Cantona
84%
2023 - England Mason Mount
77%
15/16 - 16/17 Netherlands Memphis Depay
77%
09/10 - 11/12 England Michael Owen
45%
91/92 - 94/95 Russia Andrei Kanchelskis
38%
(81/82) - 93/94 England Bryan Robson
37%
No matching quizzes found
Score Distribution
Percent of People with Each Score
Percentile by Number Answered
Your Score History
You have not taken this quiz since the last reset